Asbestos regulations laid in House (Record no. 71514)
[ view plain ]
| 000 -LEADER | |
|---|---|
| fixed length control field | 01124cam a2200181 4500 |
| 001 - CONTROL NUMBER | |
| control field | WB3841-11 |
| 008 - FIXED-LENGTH DATA ELEMENTS--GENERAL INFORMATION | |
| fixed length control field | 021104n2002 000 0 eng u |
| 035 ## - SYSTEM CONTROL NUMBER | |
| System control number | (Sirsi) u120358 |
| 245 ## - TITLE STATEMENT | |
| Title | Asbestos regulations laid in House |
| 260 ## - PUBLICATION, DISTRIBUTION, ETC. | |
| Date of publication, distribution, etc. | 2002 |
| 490 ## - SERIES STATEMENT | |
| Series statement | Department for Work and Pensions Press Release |
| Volume/sequential designation | (0111-Regs) 1 November 2002, (2) |
| 520 ## - SUMMARY, ETC. | |
| Summary, etc. | Reports that Control of asbestos at work regulations were laid in House of Commons on 31 October 2002. Regulations mean there will be a duty on anyone with maintenance and repair responsibilities of workplaces to assess whether they contain asbestos and if so whether it presents a risk. They will then be responsible for its future handling. Part of regulations come into force 21 days after this date, and duty to manage will be enforced in 18 months time. Enquiries t +44 (0)20 7712 2171 DWP Press Release www.dwp.gov.uk/mediacentre/pressreleases/2002/nov/asbestos0111-regs.htm |
| 590 ## - LOCAL NOTE (RLIN) | |
| Local note | WB |
| 650 ## - SUBJECT ADDED ENTRY--TOPICAL TERM | |
| Topical term or geographic name entry element | MANAGEMENT-HEALTH AND SAFETY-HAZARDOUS SUBSTANCES-ASBESTOS |
| 650 ## - SUBJECT ADDED ENTRY--TOPICAL TERM | |
| Topical term or geographic name entry element | CONTROL OF ASBESTOS AT WORK |
| 690 ## - LOCAL SUBJECT ADDED ENTRY--TOPICAL TERM (OCLC, RLIN) | |
| Topical term or geographic name as entry element | HEALTH AND SAFETY |
| 9 (RLIN) | 6244 |
| 942 ## - ADDED ENTRY ELEMENTS (KOHA) | |
| Suppress in OPAC | 0 |
| Withdrawn status | Lost status | Source of classification or shelving scheme | Damaged status | Not for loan | Home library | Current library | Shelving location | Date acquired | Total Checkouts | Full call number | Barcode | Date last seen | Copy number | Price effective from | Koha item type |
|---|---|---|---|---|---|---|---|---|---|---|---|---|---|---|---|
| Dewey Decimal Classification | London | London | News article | 04/11/2002 | WB3841-11 | 120358-1001 | 06/08/2019 | 1 | 06/08/2019 | News article |